Narrative-based Dentistry (Record no. 31259)

MARC details
000 -LEADER
fixed length control field 00363nam a22001457a 4500
003 - CONTROL NUMBER IDENTIFIER
control field SGT
020 ## - INTERNATIONAL STANDARD BOOK NUMBER
International Standard Book Number 9786208442309
082 ## - DEWEY DECIMAL CLASSIFICATION NUMBER
Classification number 617.6
Item number O25K
100 ## - MAIN ENTRY--PERSONAL NAME
Personal name Khurana, Charu
245 ## - TITLE STATEMENT
Title Narrative-based Dentistry
Remainder of title The Art of listening in Dental practice
260 ## - PUBLICATION, DISTRIBUTION, ETC. (IMPRINT)
Name of publisher, distributor, etc Lambert Academic Publishing
Year of Publication 2025
300 ## - PAGE DESCRIPTION
No. of Pages 56
650 ## - SUBJECT ADDED ENTRY--TOPICAL TERM
Topical term or geographic name as entry element Dentistry
942 ## - ADDED ENTRY ELEMENTS (KOHA)
Source of classification or shelving scheme Dewey Decimal Classification
Koha item type Books
Holdings
Withdrawn status Lost status Source of classification or shelving scheme Damaged status Use restrictions Not for loan Home library Current library Shelving location Date acquired SGTU Total Checkouts Full call number Accession No. (Barcode) Date last seen Bill Date Koha item type
    Dewey Decimal Classification   Restricted Access Staff Collection SGT Dental Library SGT Dental Library Reference Book 02/06/2025 SGTU   617.6 O25K FD9701 02/06/2025 02/06/2025 Books